<?xml version="1.0" encoding="UTF-8"?><?xml-stylesheet type="text/xsl" href="static/style.xsl"?><OAI-PMH xmlns="http://www.openarchives.org/OAI/2.0/" xmlns:xsi="http://www.w3.org/2001/XMLSchema-instance" xsi:schemaLocation="http://www.openarchives.org/OAI/2.0/ http://www.openarchives.org/OAI/2.0/OAI-PMH.xsd"><responseDate>2026-06-30T04:09:37Z</responseDate><request verb="GetRecord" identifier="oai:riubu.ubu.es:10259/8070" metadataPrefix="marc">https://riubu.ubu.es/oai/request</request><GetRecord><record><header><identifier>oai:riubu.ubu.es:10259/8070</identifier><datestamp>2023-11-22T01:05:27Z</datestamp><setSpec>com_10259_5827</setSpec><setSpec>com_10259_5086</setSpec><setSpec>com_10259_2604</setSpec><setSpec>col_10259_5828</setSpec></header><metadata><record xmlns="http://www.loc.gov/MARC21/slim" xmlns:doc="http://www.lyncode.com/xoai" xmlns:xsi="http://www.w3.org/2001/XMLSchema-instance" xmlns:dcterms="http://purl.org/dc/terms/" xsi:schemaLocation="http://www.loc.gov/MARC21/slim http://www.loc.gov/standards/marcxml/schema/MARC21slim.xsd">
<leader>00925njm 22002777a 4500</leader>
<datafield tag="042" ind1=" " ind2=" ">
<subfield code="a">dc</subfield>
</datafield>
<datafield tag="720" ind1=" " ind2=" ">
<subfield code="a">Gerardi, Gisela</subfield>
<subfield code="e">author</subfield>
</datafield>
<datafield tag="720" ind1=" " ind2=" ">
<subfield code="a">Cavia Saiz, Mónica</subfield>
<subfield code="e">author</subfield>
</datafield>
<datafield tag="720" ind1=" " ind2=" ">
<subfield code="a">Muñiz Rodríguez, Pilar</subfield>
<subfield code="e">author</subfield>
</datafield>
<datafield tag="260" ind1=" " ind2=" ">
<subfield code="c">2022</subfield>
</datafield>
<datafield tag="520" ind1=" " ind2=" ">
<subfield code="a">The wine pomace is the main winery by-products that suppose an economic and environmental problem and their use as a functional ingredient are being increasingly recognized as a good and inexpensive source of bioactive compounds. In this sense, it is known the potential health properties of wine pomace products in the prevention of disorders associated with oxidative stress and inflammation such as endothelial dysfunction, hypertension, hyperglycemia, diabetes, obesity. Those effects are due to the bioactive compounds of wine pomace and the mechanisms concern especially modulation of antioxidant/prooxidant activity, improvement of nitric oxide bioavailability, reduction of pro-inflammatory cytokines and modulation of antioxidant/inflammatory signal pathways. This review mainly summarizes the mechanisms of wine pomace products as modulators of oxidative status involved in cell pathologies as well as their potential therapeutic use for cardiovascular diseases. For this purpose, the review provides an overview of the findings related to the wine pomace bioactive compounds profile, their bioavailability and the action mechanisms for maintaining the redox cell balance involved in health benefits. The review suggests an important role for wine pomace product in cardiovascular diseases prevention and their regular food intake may attenuate the development and progression of comorbidities associated with cardiovascular diseases.</subfield>
</datafield>
<datafield tag="024" ind2=" " ind1="8">
<subfield code="a">1040-8398</subfield>
</datafield>
<datafield tag="024" ind2=" " ind1="8">
<subfield code="a">http://hdl.handle.net/10259/8070</subfield>
</datafield>
<datafield tag="024" ind2=" " ind1="8">
<subfield code="a">10.1080/10408398.2021.1914542</subfield>
</datafield>
<datafield tag="024" ind2=" " ind1="8">
<subfield code="a">1549-7852</subfield>
</datafield>
<datafield ind1=" " ind2=" " tag="653">
<subfield code="a">Polyphenols</subfield>
</datafield>
<datafield ind1=" " ind2=" " tag="653">
<subfield code="a">Fiber</subfield>
</datafield>
<datafield ind1=" " ind2=" " tag="653">
<subfield code="a">Bioactive compounds</subfield>
</datafield>
<datafield ind1=" " ind2=" " tag="653">
<subfield code="a">Wine by-products</subfield>
</datafield>
<datafield ind1=" " ind2=" " tag="653">
<subfield code="a">Cardiovascular health</subfield>
</datafield>
<datafield ind1=" " ind2=" " tag="653">
<subfield code="a">Signaling pathways</subfield>
</datafield>
<datafield ind1=" " ind2=" " tag="653">
<subfield code="a">Oxidative stress</subfield>
</datafield>
<datafield ind1=" " ind2=" " tag="653">
<subfield code="a">Wine pomace</subfield>
</datafield>
<datafield tag="245" ind1="0" ind2="0">
<subfield code="a">From winery by-product to healthy product: bioavailability, redox signaling and oxidative stress modulation by wine pomace product</subfield>
</datafield>
</record></metadata></record></GetRecord></OAI-PMH>